000 00909nab a2200253 u 4500
001 06790
003 HDC
007 cr bn ---
008 210124p20140106-uk n |0 eng
040 _aHDC
100 _aNorshamliza Chamhuri,
_eauthor
_95674
245 0 _aConsumer perceptions of food quality in Malaysia /
_cby Norshamliza Chamhuri
260 _aBingley, U.K. :
_bEmerald Group Publishing Limited,
_c2014
300 _a1 online resource (22 pages)
336 _atext
_2rdacontent
337 _acomputer
_2rdamedia
338 _aonline resource
_2rdacarrier
650 _aConsumers
_xAttitudes
_9141
650 _aFood industry and trade
_xQuality control
_9571
856 _zRequest full-text at [email protected]
942 _2lcc
942 _cAR
942 _kJART 000114
999 _c4114
_d4114